[Event "Accession A 2019/2020"]
[Site "Vitrolles"]
[Date "2019.10.05"]
[Round "1"]
[White "Cleaud, Cyril"]
[Black "Mars, Fiona"]
[Result "1-0"]
[WhiteElo "1712"]
[BlackElo "1848"]
[PlyCount "157"]

1. d4 Nf6 2. c4 g6 3. Nc3 d5 4. cxd5 Nxd5 5. e4 Nxc3 6. bxc3 Bg7 7. Qa4+ Nd7 8.
Nf3 c5 9. Be3 a6 10. Be2 O-O 11. Rd1 b5 12. Qa3 c4 13. O-O Nf6 14. Nd2 Qc7 15.
Bf3 Ng4 16. e5 Nxe3 17. fxe3 Bb7 18. Qb4 Bxf3 19. Rxf3 Rab8 20. Ne4 a5 21. Qb2
b4 22. Nc5 Qc6 23. Rdf1 Bxe5 24. Qf2 Bf6 25. Qc2 bxc3 26. Ne4 Bg7 27. Nxc3 Rb4
28. Rb1 Rfb8 29. Rff1 Bh6 30. Qf2 Qe6 31. Rfe1 Rxb1 32. Nxb1 Qe4 33. Nc3 Qd3
34. Qg3 Rb2 35. Nd5 c3 36. Nxe7+ Kf8 37. Nd5 c2 38. Qd6+ Kg7 39. Qf6+ Kg8 40.
Ne7+ Kf8 41. Nd5 Bxe3+ 42. Kh1 Qxd4 43. Qe7+ Kg7 44. Qxe3 Qxe3 45. Nxe3 Rxa2
46. Rc1 a4 47. Nxc2 a3 48. Kg1 f5 49. Kf1 Kf6 50. Ke1 Ke5 51. Kf1 h5 52. Nb4
Rd2 53. Ra1 Ke4 54. Rxa3 Rb2 55. Nd3 Rc2 56. Nf2+ Ke5 57. g3 g5 58. Ra5+ Kf6
59. Ra4 Rb2 60. Ra6+ Kg7 61. Re6 Ra2 62. Re2 Rxe2 63. Kxe2 Kf6 64. Nd3 Kg6 65.
h4 Kf6 66. Kf3 Kg6 67. Nc5 Kf6 68. Nd7+ Ke7 69. Ne5 Kf6 70. Nd3 Kg6 71. Ke3 Kf6
72. Kd4 gxh4 73. gxh4 f4 74. Ke4 f3 75. Kxf3 Kf5 76. Nc5 Ke5 77. Nd7+ Kf5 78.
Nf8 Ke5 79. Ng6+ 1-0

[Event "Accession A 2019/2020"]
[Site "Vitrolles"]
[Date "2019.10.05"]
[Round "1"]
[White "Fabet, Olivier"]
[Black "Piquemal, Maxence"]
[Result "1-0"]
[WhiteElo "1714"]
[BlackElo "1629"]
[PlyCount "81"]

1. e4 e6 2. d4 d5 3. Nc3 Nf6 4. Bg5 Be7 5. e5 Nfd7 6. Bxe7 Qxe7 7. f4 a6 8. Nf3
c5 9. Qd2 Nc6 10. O-O-O O-O 11. g4 f6 12. dxc5 fxe5 13. Nxe5 Ndxe5 14. fxe5
Qxc5 15. Na4 Qf2 16. Qg5 Qf4+ 17. Qxf4 Rxf4 18. Nb6 Rb8 19. c4 Nxe5 20. cxd5
exd5 21. Rxd5 Nc6 22. Nxc8 Rxc8 23. Rc5 Re8 24. Bxa6 bxa6 25. Rxc6 Rxg4 26.
Rxa6 Rc8+ 27. Kb1 Rg2 28. Rb6 h6 29. a4 Ra8 30. Rb4 Rf2 31. h4 Ra5 32. Ka2 Re2
33. Ka3 Re3+ 34. b3 Rd3 35. Rb5 Ra6 36. h5 Rd4 37. a5 Re4 38. b4 Ree6 39. Rg1
Re3+ 40. Ka4 Re4 41. Rb7 1-0

[Event "Accession A 2019/2020"]
[Site "Vitrolles"]
[Date "2019.10.05"]
[Round "1"]
[White "Padilla, Eller"]
[Black "Roger, Patrick"]
[Result "1/2-1/2"]
[WhiteElo "1714"]
[BlackElo "1640"]
[PlyCount "135"]

1. e4 e6 2. d4 d5 3. Nc3 Nf6 4. Bg5 Be7 5. e5 Nfd7 6. Bxe7 Qxe7 7. f4 a6 8. Nf3
c5 9. Be2 Nc6 10. dxc5 Qxc5 11. Qd2 b5 12. O-O-O Nb6 13. a3 Nc4 14. Bxc4 Qxc4
15. Qe3 b4 16. Nd2 Qd4 17. Qxd4 Nxd4 18. axb4 Rb8 19. Nde4 Nf5 20. Ng3 Nxg3 21.
hxg3 Rxb4 22. b3 Bd7 23. Kb2 O-O 24. Ne2 a5 25. c3 Rb7 26. Ra1 a4 27. b4 Rc8
28. Nd4 Rc4 29. g4 Rbxb4+ 30. cxb4 Rxd4 31. g3 Rxb4+ 32. Kc2 Rc4+ 33. Kd3 Rc8
34. Rhc1 Bb5+ 35. Kd4 Rxc1 36. Rxc1 Bc4 37. Rc3 Kf8 38. g5 g6 39. g4 Kg7 40.
Rh3 Be2 41. Rg3 h5 42. gxh6+ Kxh6 43. Rh3+ Kg7 44. Rg3 a3 45. Rxa3 Bxg4 46. Ra7
Bf5 47. Kc5 Be4 48. Kd6 Bc2 49. Rc7 Bf5 50. Rd7 Be4 51. Ke7 Bf5 52. Ke8 Bc2 53.
Rc7 Ba4+ 54. Ke7 Bb3 55. Rd7 Bc2 56. Rd8 Bf5 57. Rc8 d4 58. Rd8 d3 59. Rd4 Kg8
60. Kf6 Kh7 61. Rd8 Be4 62. Kxf7 Bd5 63. Rb8 d2 64. Rb1 Bf3 65. Kxe6 d1=Q 66.
Rxd1 Bxd1 67. Kf6 Ba4 68. f5 1/2-1/2

[Event "Accession A 2019/2020"]
[Site "Vitrolles"]
[Date "2019.10.05"]
[Round "1"]
[White "Colandrea, Sauveur"]
[Black "Duval, Jean-Pierre"]
[Result "1-0"]
[WhiteElo "1664"]
[BlackElo "1634"]
[PlyCount "79"]

1. Nf3 b6 2. d4 Nf6 3. c4 e6 4. g3 Bb4+ 5. Bd2 Bxd2+ 6. Qxd2 Bb7 7. Bg2 O-O 8.
O-O d6 9. Nc3 Nbd7 10. Qc2 e5 11. d5 a6 12. Rad1 Re8 13. a3 e4 14. Nh4 e3 15.
f3 Ne5 16. Rd4 Bc8 17. Nf5 Ng6 18. Nd1 Bxf5 19. Qxf5 Re5 20. Qd3 Qd7 21. f4 Re7
22. Rf3 Ng4 23. Bh3 Nf2 24. Bxd7 Nxd3 25. Bc6 Ne1 26. Rxe3 Nc2 27. Rxe7 Nxe7
28. Rd2 Nxc6 29. dxc6 Na1 30. b4 Re8 31. Nc3 Nb3 32. Rd1 Kf8 33. Kf2 Ke7 34. e4
f6 35. e5 fxe5 36. fxe5 Rd8 37. Nd5+ Ke6 38. Nxc7+ Kxe5 39. Re1+ Kf6 40. Nd5+
1-0

[Event "Accession A 2019/2020"]
[Site "Vitrolles"]
[Date "2019.11.09"]
[Round "2"]
[White "Beraud, Robert"]
[Black "Colandrea, Sauveur"]
[Result "0-1"]
[WhiteElo "1708"]
[BlackElo "1675"]
[PlyCount "78"]

1. e4 d6 2. Nc3 e5 3. g3 Nc6 4. Bg2 h5 5. Nf3 Be7 6. Nd5 Nf6 7. Nxe7 Qxe7 8. d3
Be6 9. c3 O-O-O 10. Bg5 d5 11. Nd2 Qd7 12. exd5 Bxd5 13. Ne4 Qf5 14. Bxf6 Bxe4
15. Bxe4 Qxf6 16. Qb3 Rd6 17. h4 g6 18. Rd1 Qe7 19. O-O f5 20. Bg2 Rhd8 21.
Rfe1 Re8 22. Re2 Qf6 23. Qc4 e4 24. d4 Ne5 25. Qb3 Nd7 26. Rde1 Qe7 27. f3 Nf6
28. fxe4 Nxe4 29. Qc2 Re6 30. Kh2 Kb8 31. Re3 c6 32. R1e2 g5 33. Bxe4 fxe4 34.
hxg5 Qxg5 35. Rxe4 Rxe4 36. Rxe4 Rg8 37. Qf2 Qg6 38. Qf4+ Kc8 39. Re5 Qc2+
0-1

[Event "Accession A 2019/2020"]
[Site "Vitrolles"]
[Date "2019.11.09"]
[Round "2"]
[White "Roger, Patrick"]
[Black "Cleaud, Cyril"]
[Result "0-1"]
[WhiteElo "1642"]
[BlackElo "1722"]
[PlyCount "54"]

1. e4 c5 2. Nc3 e6 3. g3 Nc6 4. Bg2 d6 5. Nge2 Nf6 6. d3 Be7 7. O-O O-O 8. h3
d5 9. exd5 exd5 10. Nf4 d4 11. Ncd5 Bd6 12. Nxf6+ Qxf6 13. Nd5 Qd8 14. Qh5 Be6
15. f4 f5 16. Re1 Qd7 17. Bd2 Bb8 18. c4 dxc3 19. Nxc3 Nd4 20. Rad1 Rf6 21. Be3
Bf7 22. Qh4 Rh6 23. Qg5 Rh5 24. Bxb7 Rxg5 25. Bxa8 Rxg3+ 26. Bg2 Qb7 27. Rd2
Nf3+ 0-1

[Event "Accession A 2019/2020"]
[Site "Vitrolles"]
[Date "2019.11.09"]
[Round "2"]
[White "Fabet, Olivier"]
[Black "Vinet, Christophe"]
[Result "0-1"]
[WhiteElo "1714"]
[BlackElo "1666"]
[PlyCount "80"]

1. e4 c5 2. Nf3 Nc6 3. d4 cxd4 4. Nxd4 Nf6 5. Nc3 e5 6. Ndb5 d6 7. Nd5 Nxd5 8.
exd5 Ne7 9. Be2 a6 10. Nc3 Ng6 11. O-O Be7 12. Be3 f5 13. Bh5 O-O 14. Na4 f4
15. Bb6 Qe8 16. c4 Rf6 17. Ba5 Bf5 18. Nb6 Rb8 19. Bg4 Nf8 20. Bxf5 Rxf5 21.
Qd3 Qh5 22. Rac1 f3 23. gxf3 Rxf3 24. Qe4 Rf4 25. Qe3 Rh4 26. Rc3 Rxh2 27. Qf3
Qh6 28. Qe4 Rh4 29. f4 Rg4+ 30. Kf2 Rxf4+ 31. Qxf4 Qxf4+ 32. Kg1 Qg4+ 33. Kh1
Nd7 34. Rg1 Qh5+ 35. Kg2 Nxb6 36. Bxb6 Rf8 37. Rh3 Qe2+ 38. Kh1 Rf1 39. Rhg3
Rxg1+ 40. Kxg1 Qxb2 0-1

[Event "Accession A 2019/2020"]
[Site "Vitrolles"]
[Date "2019.11.09"]
[Round "2"]
[White "Duval, Jean-Pierre"]
[Black "Padilla, Eller"]
[Result "0-1"]
[WhiteElo "1625"]
[BlackElo "1734"]
[PlyCount "92"]

1. d4 Nf6 2. c4 g6 3. Nc3 Bg7 4. e4 d6 5. Nf3 O-O 6. Bg5 c5 7. Qd2 cxd4 8. Nxd4
Nc6 9. Nxc6 bxc6 10. Bh6 Rb8 11. Bxg7 Kxg7 12. h4 h5 13. f4 Qb6 14. O-O-O Ng4
15. Qd4+ Qxd4 16. Rxd4 Bb7 17. c5 Rfd8 18. Be2 dxc5 19. Rxd8 Rxd8 20. Bxg4 hxg4
21. Na4 {(=)} Rd4 22. b3 c4 23. Nc5 Bc8 24. Kc2 cxb3+ 25. Kc3 Rd8 26. axb3 g3
27. Ra1 Rh8 28. Kd3 Rxh4 29. Ke3 Bg4 30. Rxa7 Rh2 31. Ra2 Rh1 32. Nd3 Rb1 33.
Rb2 Rf1 34. Ne5 Re1+ 35. Kd3 Bc8 36. Kd2 Rxe4 37. Nxc6 Bb7 38. Na5 Ba8 39. b4
Rxf4 40. Ke3 Re4+ 41. Kd3 Re1 42. b5 Rg1 43. b6 Rxg2 44. b7 Bxb7 45. Rxb7 Rg1
46. Rb2 g2 0-1

[Event "Accession A 2019/2020"]
[Site "Vitrolles"]
[Date "2019.11.09"]
[Round "2"]
[White "Piquemal, Maxence"]
[Black "Mars, Fiona"]
[Result "1-0"]
[WhiteElo "1614"]
[BlackElo "1838"]
[PlyCount "67"]

1. d4 g6 2. c4 Bg7 3. Nc3 c5 4. d5 d6 5. Nf3 Nf6 6. e4 Nbd7 7. Be2 O-O 8. O-O
a6 9. h3 Qc7 10. a3 Rb8 11. Rb1 e6 12. dxe6 fxe6 13. b4 cxb4 14. axb4 b5 15.
Qb3 bxc4 16. Bxc4 d5 17. exd5 Nb6 18. Bd3 exd5 19. Be3 Kh8 20. Bc5 Rd8 21. Rbc1
Bb7 22. Bxb6 Qxb6 23. Na4 Qd6 24. Rfe1 Re8 25. Nc5 Re7 26. Ng5 Bh6 27. Nxb7
Rexb7 28. h4 Qxb4 29. Qxb4 Rxb4 30. Nf7+ Kg7 31. Rc7 Bf4 32. Rce7 Kf8 33. Ng5
Ne4 34. Rf7+ 1-0

[Event "Accession A 2019/2020"]
[Site "Vitrolles"]
[Date "2019.11.30"]
[Round "3"]
[White "Colandrea, Sauveur"]
[Black "Fabet, Olivier"]
[Result "1-0"]
[WhiteElo "1675"]
[BlackElo "1714"]
[PlyCount "63"]

1. Nf3 Nf6 2. d4 g6 3. c4 Bg7 4. g3 O-O 5. Bg2 c5 6. d5 d6 7. O-O Na6 8. Nc3
Nc7 9. a4 Na6 10. Be3 Nb4 11. Qd2 Rb8 12. Bh6 Bd7 13. e4 a6 14. e5 Ne8 15. Rfe1
b5 16. axb5 axb5 17. Nxb5 Bxb5 18. cxb5 Rxb5 19. Bf1 Rb6 20. Bc4 Nc7 21. Rad1
Qd7 22. Re4 Qf5 23. Rh4 Bxh6 24. Qxh6 g5 25. Nxg5 Qg6 26. Qxh7+ Qxh7 27. Nxh7
Ra8 28. Ng5 Nc2 29. Rg4 Nb5 30. Bxb5 Rxb5 31. Ne6+ Kh8 32. Nc7 1-0

[Event "Accession A 2019/2020"]
[Site "Vitrolles"]
[Date "2019.11.30"]
[Round "3"]
[White "Cleaud, Cyril"]
[Black "Duval, Jean-Pierre"]
[Result "1/2-1/2"]
[WhiteElo "1722"]
[BlackElo "1625"]
[PlyCount "75"]

1. d4 Nf6 2. Nf3 g6 3. c4 Bg7 4. Nc3 O-O 5. e4 d6 6. h3 e5 7. d5 a5 8. Be3 Na6
9. Qd2 Nc5 10. Bxc5 dxc5 11. Be2 Nh5 12. g3 Qe7 13. O-O-O f5 14. d6 cxd6 15.
Nd5 Qf7 16. Ng5 Bh6 17. Bxh5 gxh5 18. Nxf7 Bxd2+ 19. Rxd2 Kxf7 20. Nb6 Ra6 21.
Nxc8 Rxc8 22. exf5 Rg8 23. Rg1 Kf6 24. g4 hxg4 25. hxg4 e4 26. Re2 h5 27. Rxe4
Rxg4 28. Rexg4 hxg4 29. Rxg4 Kxf5 30. Rg7 Rb6 31. Kc2 Rb4 32. b3 a4 33. Rg3
axb3+ 34. axb3 b5 {(=)} 35. Rc3 bxc4 36. bxc4 Ke4 37. Re3+ Kd4 38. Rd3+ 1/2-1/2

[Event "Accession A 2019/2020"]
[Site "Vitrolles"]
[Date "2019.11.30"]
[Round "3"]
[White "Padilla, Eller"]
[Black "Beraud, Robert"]
[Result "1-0"]
[WhiteElo "1734"]
[BlackElo "1708"]
[PlyCount "115"]

1. e4 e5 2. Nf3 Nc6 3. Bb5 a6 4. Ba4 Nf6 5. O-O Be7 6. Re1 b5 7. Bb3 O-O 8. h3
d6 9. c3 Nb8 10. d4 Nbd7 11. Nbd2 Bb7 12. Bc2 Re8 13. Nf1 c5 14. d5 Qc7 15. Ng3
g6 16. Bd2 Bf8 17. a4 c4 18. Nh2 Nc5 19. axb5 axb5 20. Qf3 Bg7 21. Bg5 Nfd7 22.
Ng4 Ba6 23. Nh6+ Bxh6 24. Bxh6 Qd8 25. Nf5 Nf8 26. Ng7 Re7 27. Nh5 Rea7 28.
Nf6+ Kh8 29. Bg5 Nfd7 30. Nxh7 Qg8 31. Nf6 Qd8 32. h4 Qf8 33. h5 Nxf6 34. Qxf6+
Kg8 35. Qf3 Qg7 36. h6 Qh8 37. Qh3 Rf8 38. Be3 Qf6 39. Rf1 Kh7 40. Qg3 Qe7 41.
f4 f6 42. fxe5 fxe5 43. Rxf8 Qxf8 44. Bxc5 dxc5 45. Qxe5 b4 46. Rf1 Qxh6 47.
Rf3 Bc8 48. Bd1 Qd2 49. Qb8 Qe1+ 50. Kh2 Qh4+ 51. Kg1 Qe1+ 52. Rf1 Qe3+ 53. Kh1
Qh6+ 54. Qh2 Qxh2+ 55. Kxh2 Ra1 56. e5 Bg4 57. e6 Rxd1 58. e7 1-0

[Event "Accession A 2019/2020"]
[Site "Vitrolles"]
[Date "2019.11.30"]
[Round "3"]
[White "Vinet, Christophe"]
[Black "Piquemal, Maxence"]
[Result "1-0"]
[WhiteElo "1666"]
[BlackElo "1614"]
[PlyCount "53"]

1. e4 e6 2. d4 d5 3. Nc3 Nf6 4. Bg5 Be7 5. e5 Nfd7 6. Bxe7 Qxe7 7. f4 a6 8. Qg4
O-O 9. Nf3 f6 10. exf6 Nxf6 11. Qh4 c5 12. Bd3 g6 13. Ne5 cxd4 14. Ne2 Qb4+ 15.
c3 dxc3 16. bxc3 Qe7 17. O-O Qg7 18. Nd4 Re8 19. Rab1 Nfd7 20. Rf3 Nxe5 21.
fxe5 Nc6 22. Nxc6 bxc6 23. Rbf1 Ra7 24. Rf6 c5 25. Qg5 Ree7 26. Bxg6 Kh8 27.
Rf8+ 1-0

[Event "Accession A 2019/2020"]
[Site "Vitrolles"]
[Date "2019.11.30"]
[Round "3"]
[White "Mars, Fiona"]
[Black "Roger, Patrick"]
[Result "1-0"]
[WhiteElo "1838"]
[BlackElo "1642"]
[PlyCount "75"]

1. Nf3 d5 2. e3 Nf6 3. c4 e6 4. b3 Bd6 5. Bb2 Nbd7 6. d4 c6 7. Bd3 O-O 8. O-O
Qe7 9. Ne5 Re8 10. Nd2 Nf8 11. e4 dxe4 12. Nxe4 Nxe4 13. Bxe4 f6 14. Nf3 Bd7
15. Re1 Rad8 16. Qc2 Qf7 17. Re2 Ng6 18. g3 Re7 19. Rae1 Rde8 20. c5 Bc7 21. b4
Nf8 22. Bd3 Bc8 23. a4 Qh5 24. Re3 e5 25. Bc4+ Kh8 26. dxe5 f5 27. Bd3 f4 28.
gxf4 Qg4+ 29. Kh1 Qxf4 30. Rg1 Bg4 31. Rg3 Bxe5 32. Bxe5 Rxe5 33. Nxe5 Rxe5 34.
Rxe5 Bf3+ 35. Kg1 Qxe5 36. Rxf3 Qa1+ 37. Bf1 Ng6 38. Qf5 1-0

[Event "Accession A 2019/2020"]
[Site "Vitrolles"]
[Date "2019.12.14"]
[Round "4"]
[White "Vinet, Christophe"]
[Black "Colandrea, Sauveur"]
[Result "1-0"]
[WhiteElo "1666"]
[BlackElo "1675"]
[PlyCount "43"]

1. e4 d6 2. d4 Nf6 3. Nc3 Nbd7 4. f4 e5 5. Nf3 exd4 6. Qxd4 c6 7. h3 d5 8. Be3
Bc5 9. Qd3 O-O 10. e5 Re8 11. O-O-O Qb6 12. Nd4 Ne4 13. Nxe4 dxe4 14. Qxe4 Nf6
15. Qf3 Nd5 16. Bc4 Be6 17. f5 Nxe3 18. fxe6 fxe6 19. Qxe3 Rad8 20. c3 h6 21.
Qe4 Kh8 22. Bd3 1-0

[Event "Accession A 2019/2020"]
[Site "Vitrolles"]
[Date "2019.12.14"]
[Round "4"]
[White "Fabet, Olivier"]
[Black "Padilla, Eller"]
[Result "1-0"]
[WhiteElo "1714"]
[BlackElo "1734"]
[PlyCount "73"]

1. e4 c5 2. d4 cxd4 3. c3 Nf6 4. e5 Nd5 5. cxd4 d6 6. Nf3 Nc6 7. Qb3 e6 8. Bd2
Qc7 9. Nc3 Nxc3 10. Bxc3 Bd7 11. Bd3 dxe5 12. dxe5 Be7 13. O-O O-O 14. Rac1
Rac8 15. Bb1 Rfd8 16. Qc2 g6 17. Qe4 Qb6 18. Qf4 Kg7 19. Bd2 Rh8 20. Qh6+ Kg8
21. Bc3 Bf8 22. Qf4 h6 23. Rfd1 Rc7 24. Rd6 Be8 25. Rcd1 Rh7 26. h3 Be7 27. Nh2
h5 28. Nf3 Qc5 29. Ng5 h4 30. Nxh7 Kxh7 31. Bd2 Qxe5 32. Qh6+ Kg8 33. Bc3 Bxd6
34. Bxe5 Bxe5 35. Qxh4 Nd4 36. Qd8 Kf8 37. Rxd4 1-0

[Event "Accession A 2019/2020"]
[Site "Vitrolles"]
[Date "2019.12.14"]
[Round "4"]
[White "Beraud, Robert"]
[Black "Cleaud, Cyril"]
[Result "1-0"]
[WhiteElo "1708"]
[BlackElo "1722"]
[PlyCount "41"]

1. e4 c5 2. Nc3 Nc6 3. g3 d6 4. Bg2 Nf6 5. f4 e6 6. Nf3 Qc7 7. O-O Be7 8. d3 a6
9. h3 h5 10. Ne2 Bd7 11. c3 Rd8 12. Nh4 Bc8 13. Be3 Nh7 14. d4 Bxh4 15. gxh4
Qe7 16. Qe1 Nf6 17. Qg3 g6 18. f5 exf5 19. Bg5 O-O 20. Rae1 Kg7 21. Nf4 1-0

[Event "Accession A 2019/2020"]
[Site "Vitrolles"]
[Date "2019.12.14"]
[Round "4"]
[White "Duval, Jean-Pierre"]
[Black "Mars, Fiona"]
[Result "1/2-1/2"]
[WhiteElo "1625"]
[BlackElo "1838"]
[PlyCount "83"]

1. e4 d5 2. exd5 Qxd5 3. Nc3 Qa5 4. d4 Bf5 5. Nf3 Nf6 6. Bd2 c6 7. Bc4 e6 8.
O-O Qc7 9. Qe2 Be7 10. Rfe1 O-O 11. Bb3 Bd6 12. Ne5 Nbd7 13. h3 h6 14. a4 Rad8
15. Rad1 Nd5 16. Nxd5 cxd5 17. c4 dxc4 18. Bxc4 Nxe5 19. dxe5 Bxe5 20. Qxe5
Qxc4 21. g4 Bc2 22. Bc3 f6 23. Rd4 Rxd4 24. Qxd4 Qxd4 25. Bxd4 e5 26. Bxa7 Bxa4
27. Rc1 Rd8 28. Bb6 Rd1+ 29. Rxd1 Bxd1 30. Kf1 Bf3 31. Be3 g5 32. Kg1 h5 33.
gxh5 Bxh5 34. Kg2 Kf7 35. Bb6 f5 36. Bd8 g4 37. hxg4 Bxg4 38. Kg3 Ke6 39. f3
Bh5 40. Kf2 Kd5 41. Ke3 b5 42. f4 1/2-1/2

[Event "Accession A 2019/2020"]
[Site "Vitrolles"]
[Date "2019.12.14"]
[Round "4"]
[White "Piquemal, Maxence"]
[Black "Roger, Patrick"]
[Result "1-0"]
[WhiteElo "1614"]
[BlackElo "1642"]
[PlyCount "121"]

1. d4 d5 2. c4 Nf6 3. Nc3 c6 4. cxd5 Nxd5 5. e4 Nf6 6. Bc4 e6 7. Nf3 Bb4 8. Qc2
O-O 9. O-O Nbd7 10. Bf4 a6 11. a3 Be7 12. Rad1 b5 13. Bd3 g6 14. Bh6 Re8 15. e5
Nd5 16. Ne4 Bb7 17. Bg5 f6 18. exf6 N7xf6 19. Nxf6+ Bxf6 20. Bxg6 hxg6 21.
Qxg6+ Kf8 22. Ne5 Ke7 23. Qf7+ Kd6 24. Qxb7 Qc7 25. Qxc7+ Kxc7 26. Bxf6 Nxf6
27. Rc1 Rad8 28. Nxc6 Rd6 29. Ne5+ Kb6 30. Nf3 Nh5 31. Rc2 Nf4 32. Rfc1 Rg8 33.
g3 Nd3 34. Rd1 Nf4 35. Kf1 Nd5 36. Rdc1 Rf8 37. Ke2 Ne7 38. b4 Nf5 39. Rd2 Rd7
40. Rdc2 Rd6 41. Rd2 Rd7 42. Rc5 Nd6 43. Ne5 Rdd8 44. Rc6+ Kb7 45. Rdc2 Nc4 46.
Rxe6 Rxd4 47. Re7+ Kc8 48. Nxc4 bxc4 49. Re5 Kb7 50. Rc5 Rd3 51. R5xc4 Rxa3 52.
R4c3 Ra1 53. f4 Rh1 54. Kf3 Rb1 55. Rc4 Kb6 56. Re4 Rb3+ 57. Kg4 Rf6 58. Rce2
Kb5 59. f5 Rxb4 60. Rxb4+ Kxb4 61. Kg5 1-0

[Event "Accession A 2019/2020"]
[Site "Vitrolles"]
[Date "2020.01.11"]
[Round "5"]
[White "Padilla, Eller"]
[Black "Vinet, Christophe"]
[Result "1-0"]
[WhiteElo "1846"]
[BlackElo "1702"]
[PlyCount "53"]

1. e4 c5 2. Nf3 Nc6 3. Bb5 g6 4. O-O Bg7 5. Re1 d6 6. Bxc6+ bxc6 7. c3 e5 8. d3
Ne7 9. Nbd2 O-O 10. Nc4 f5 11. Bg5 f4 12. d4 Be6 13. dxe5 d5 14. exd5 cxd5 15.
Nd6 h6 16. Bxe7 Qxe7 17. Qd3 g5 18. h3 g4 19. hxg4 Bxg4 20. Qxd5+ Be6 21. Qe4
Rab8 22. b3 Rb6 23. Rad1 Bg4 24. Rd2 Bxf3 25. Qxf3 Rxd6 26. Rxd6 Rf5 27. Qd5+
1-0

[Event "Accession A 2019/2020"]
[Site "Vitrolles"]
[Date "2020.01.11"]
[Round "5"]
[White "Colandrea, Sauveur"]
[Black "Piquemal, Maxence"]
[Result "0-1"]
[WhiteElo "1687"]
[BlackElo "1655"]
[PlyCount "76"]

1. Nf3 d5 2. c4 e6 3. d4 Nf6 4. Nc3 Nbd7 5. Bf4 dxc4 6. e4 Bb4 7. Qc2 a6 8.
Bxc4 b5 9. Bd3 Bb7 10. O-O O-O 11. Bg5 h6 12. Bh4 Qc8 13. e5 Nd5 14. Rae1 c5
15. a3 Ba5 16. dxc5 Nxc3 17. bxc3 Qxc5 18. Bh7+ Kh8 19. Be4 Bxe4 20. Rxe4 Qxc3
21. Qxc3 Bxc3 22. Re3 Rac8 23. Rd1 Nb6 24. Red3 Nd5 25. Rc1 Rc4 26. Bg3 Rfc8
27. Rcd1 Ra4 28. Ne1 Rxa3 29. Nc2 Ra2 30. Ne3 Nxe3 31. Rxe3 Ra1 32. Rxa1 Bxa1
33. h3 Rc1+ 34. Kh2 b4 35. f4 Rc3 36. Re1 Ra3 37. Bf2 b3 38. Bc5 Ra4 0-1

[Event "Accession A 2019/2020"]
[Site "Vitrolles"]
[Date "2020.01.11"]
[Round "5"]
[White "Cleaud, Cyril"]
[Black "Fabet, Olivier"]
[Result "1-0"]
[WhiteElo "1719"]
[BlackElo "1697"]
[PlyCount "29"]

1. e4 e5 2. Nf3 Nc6 3. Bb5 a6 4. Ba4 Nf6 5. O-O Be7 6. Re1 b5 7. Bb3 O-O 8. c3
d5 9. exd5 Nxd5 10. Nxe5 Nxe5 11. Rxe5 Nf6 12. h3 Bd6 13. Re1 Ng4 14. Qf3 Re8
15. Qxf7+ 1-0

[Event "Accession A 2019/2020"]
[Site "Vitrolles"]
[Date "2020.01.11"]
[Round "5"]
[White "Mars, Fiona"]
[Black "Beraud, Robert"]
[Result "1-0"]
[WhiteElo "1822"]
[BlackElo "1698"]
[PlyCount "79"]

1. Nf3 Nf6 2. d4 g6 3. e3 Bg7 4. b3 O-O 5. Bb2 d6 6. Be2 e5 7. dxe5 Nfd7 8. O-O
dxe5 9. Nfd2 Re8 10. c4 Nc6 11. Qc2 f5 12. c5 Qe7 13. b4 Kh8 14. a3 e4 15. Nc4
Bxb2 16. Qxb2+ Qg7 17. Qxg7+ Kxg7 18. Nc3 Nce5 19. Nd5 Rb8 20. Nxc7 Re7 21. Nd5
Re6 22. Nd6 Nf6 23. Nc7 Re7 24. Ncb5 a6 25. Nd4 Ne8 26. Nxc8 Rxc8 27. Rfc1 Nc7
28. Ra2 Ne6 29. Rd2 Nd8 30. Rcd1 Ndc6 31. Nxc6 Nxc6 32. Rd5 Ne5 33. R1d4 Rcc7
34. Bd1 Nc6 35. Rd2 Ne5 36. Bb3 Nd3 37. Ba4 Kf6 38. Rd6+ Kg7 39. Rc2 Kf8 40. c6
1-0

[Event "Accession A 2019/2020"]
[Site "Vitrolles"]
[Date "2020.01.11"]
[Round "5"]
[White "Roger, Patrick"]
[Black "Duval, Jean-Pierre"]
[Result "1/2-1/2"]
[WhiteElo "1626"]
[BlackElo "1626"]
[PlyCount "49"]

1. e4 c5 2. Nc3 Nc6 3. g3 g6 4. Bg2 Bg7 5. d3 d6 6. Nge2 Rb8 7. O-O b5 8. Be3
Nd4 9. Qd2 b4 10. Nd1 Nxe2+ 11. Qxe2 e6 12. f4 Ne7 13. g4 Bd7 14. e5 dxe5 15.
Bxc5 Qc7 16. Be3 Bc6 17. Qf2 Bxg2 18. Kxg2 Nd5 19. fxe5 Nxe3+ 20. Nxe3 Bxe5 21.
Nc4 O-O 22. Nxe5 Qxe5 23. Qf6 Qxf6 24. Rxf6 Rbc8 25. Rf2 1/2-1/2

[Event "Accession A 2019/2020"]
[Site "Vitrolles"]
[Date "2020.01.25"]
[Round "6"]
[White "Colandrea, Sauveur"]
[Black "Padilla, Eller"]
[Result "0-1"]
[WhiteElo "1687"]
[BlackElo "1846"]
[PlyCount "80"]

1. Nf3 Nf6 2. c4 e6 3. e3 b6 4. Nc3 Bb7 5. b3 c5 6. Bb2 Be7 7. Be2 d6 8. O-O
Nbd7 9. d4 O-O 10. d5 e5 11. Qc2 Ne8 12. e4 g6 13. Nd2 Ng7 14. Bg4 Nf6 15. Be2
Nfh5 16. g3 Bc8 17. Bf3 f5 18. exf5 gxf5 19. Rae1 Bg5 20. Bg2 Bxd2 21. Qxd2 f4
22. Qd1 Qf6 23. Ne4 Qg6 24. Nxd6 Qxd6 25. Bxe5 Qd7 26. d6 Bb7 27. Bd5+ Bxd5 28.
Qxd5+ Qf7 29. Qxf7+ Rxf7 30. g4 Nf6 31. f3 Nd7 32. Bc3 Rd8 33. g5 Nf5 34. g6
hxg6 35. Re6 Nf8 36. Re7 Nxe7 37. dxe7 Rxe7 38. Bf6 Kf7 39. Bxe7 Kxe7 40. Re1+
Ne6 0-1

[Event "Accession A 2019/2020"]
[Site "Vitrolles"]
[Date "2020.01.25"]
[Round "6"]
[White "Vinet, Christophe"]
[Black "Cleaud, Cyril"]
[Result "0-1"]
[WhiteElo "1702"]
[BlackElo "1719"]
[PlyCount "56"]

1. e4 c6 2. d4 d6 3. c4 Nf6 4. Nc3 Nbd7 5. Be2 e5 6. Nf3 Be7 7. O-O O-O 8. Re1
Qc7 9. d5 cxd5 10. exd5 h6 11. Bd3 Nc5 12. Bb1 Bg4 13. b3 Rfc8 14. h3 Bh5 15.
g4 Bg6 16. Bxg6 fxg6 17. g5 hxg5 18. Nxg5 Nh5 19. Qc2 Bxg5 20. Bxg5 Kh7 21. Ne4
Nxe4 22. Rxe4 Qf7 23. Rh4 Kg8 24. Re1 Rf8 25. Ree4 Qf3 26. Be7 Ng3 27. Kh2 Qh1+
28. Kxg3 Rf3+ 0-1

[Event "Accession A 2019/2020"]
[Site "Vitrolles"]
[Date "2020.01.25"]
[Round "6"]
[White "Piquemal, Maxence"]
[Black "Duval, Jean-Pierre"]
[Result "1/2-1/2"]
[WhiteElo "1655"]
[BlackElo "1626"]
[PlyCount "75"]

1. d4 d5 2. c4 c6 3. cxd5 cxd5 4. Bf4 Nf6 5. e3 e6 6. Nc3 a6 7. Bd3 Bd6 8. Bg3
Nc6 9. Nf3 O-O 10. O-O Bxg3 11. hxg3 Qd6 12. a3 e5 13. dxe5 Nxe5 14. Be2 Rd8
15. Qd4 Nfg4 16. Nxe5 Qxe5 17. Qxe5 Nxe5 18. Rfd1 Be6 19. Bf3 Nxf3+ 20. gxf3
Rac8 21. Rd4 Rc4 22. Rad1 Rxd4 23. Rxd4 Rd7 24. f4 g6 25. Kg2 Kf8 26. Kf3 h5
27. Ke2 Rc7 28. Kd2 Rd7 29. e4 dxe4 30. Rxd7 Bxd7 {(=)} 31. Nxe4 Ke7 32. Kc3
Bc6 33. Nc5 f6 34. Kd3 g5 35. fxg5 fxg5 36. Ke3 Kf6 37. f4 Kf5 38. fxg5 1/2-1/2

[Event "Accession A 2019/2020"]
[Site "Vitrolles"]
[Date "2020.01.25"]
[Round "6"]
[White "Fabet, Olivier"]
[Black "Mars, Fiona"]
[Result "*"]
[WhiteElo "1697"]
[BlackElo "1822"]
[PlyCount "90"]

1. e4 d5 2. Nc3 d4 3. Nce2 e5 4. Ng3 Nf6 5. Bc4 a6 6. Nf3 Nbd7 7. Ng5 Nd5 8. d3
Bb4+ 9. Kf1 Be7 10. Nxf7 Kxf7 11. Bxd5+ Ke8 12. Nf5 Bf6 13. Qg4 g6 14. Nh6 Nc5
15. Bf7+ Ke7 16. Qg3 Rf8 17. Bb3 Ne6 18. Ng4 Kd6 19. c3 c5 20. cxd4 Nxd4 21.
Nxf6 Qxf6 22. Bg5 Qg7 23. Bd5 Ra7 24. Qh4 h5 25. f3 Bg4 26. f4 Nc2 27. Rc1 Ne3+
28. Kg1 Nxd5 29. exd5 exf4 30. Qf2 Qd4 31. Rc4 Qxf2+ 32. Kxf2 b5 33. Rxf4 Rxf4+
34. Bxf4+ Kxd5 35. Re1 Rd7 36. h3 Bf5 37. Ke3 Re7+ 38. Kd2 Rxe1 39. Kxe1 Bxd3
40. h4 b4 41. Kd2 c4 42. Bg5 Be4 43. g3 Kc5 44. Kc1 a5 45. Bf6 a4 *